Pracovní portály obohacuje nová generace služeb

V HR sa internetový trh práce stal už bežným nástrojom náboru a vyhľadávania. Vývoj ide ďalej, reaguje na požiadavky firiema uchádzačov - vznik špecializovaných pracovných portálov.

Na minha lista:
Detalhes bibliográficos
Autor principal: Kazdová, Alena
Formato: Capítulo de Livro
Idioma:tcheco
Assuntos:
Tags: Adicionar Tag
Sem tags, seja o primeiro a adicionar uma tag!

MARC

LEADER 00000naa$a2200000$$$4500
001 0091066
005 20231019115024.0
041 0 |a cze 
044 |a CZ 
245 1 0 |a Pracovní portály obohacuje nová generace služeb  |c Alena Kazdová 
520 |a V HR sa internetový trh práce stal už bežným nástrojom náboru a vyhľadávania. Vývoj ide ďalej, reaguje na požiadavky firiema uchádzačov - vznik špecializovaných pracovných portálov. 
610 2 0 |a trh práce 
610 2 0 |a ponuka práce 
610 2 0 |a nábor pracovníkov 
610 2 0 |a internet 
100 1 |a Kazdová, Alena